000 00491cam a22002051 4500
001 sa 66002690
003 DLC
005 20260227112231.0
008 881028s1965 xx 000 0 benr
010 _asa 66002690
035 _a(OCoLC)23549420
040 _aDLC
_cMiU
_dDLC
042 _apremarc
050 0 0 _aPK1718.G55
_bB4
100 1 _aGhosha, Sudhāṃśurañjana.
245 1 0 _aBhārata lalanā.
260 _a[n.p.
_c1965]
300 _a160 p.
_c23 cm.
500 _aRomanized.
999 _c68542
_d68542